000 00877nam0a22002411 4500
001 rc\3045907
005 20250530023303.0
035 _a(NLR Aleph) 007185675
090 _a7486903
_c7486903
100 _a20111007d1936 |||y0rusy50 ca
101 0 _arus
102 _aRU
105 _ay z |||||
200 1 _aТермическое расщепление метана на водород и сажу с попутным получением ацетилена
210 _a[Баку]
_cБ. и.
_d[1936]
215 _a59-70 с.
300 _aВ кн.: Труды Азербайджанского филиала Акад. Наук СССР. Физико-химическая серия. т. 28. Баку, 1936. С. 59-70
700 1 _aГерр
_bВ.Ф.
801 0 _aRU
_bNLR
_gpsbo
801 1 _aRU
_bELAR
_2rusmarc
852 _aNLR
_j34-19/363(28)
942 _cBOOK
980 _aNB